00444pab a2200133 454500008004000000100002400040245011500064260000900179300001300188362001000201650003700211650002800248773003400276180718b1997 xxu||||| |||| 00| 0 eng d aJodhka, Surinder S. aCrisis of the 1980s and changing agenda of `Punjab Studies': a survey of some recent research (Review article) c1997 ap.273-79 a8 Feb aPunjab - Politics and government aPolitics and government aEconomic and Political Weekly